Une réplique = un film commençant par P - Statistiques

Statistiques générales
  • Ce quiz a été pris 52 fois
  • Le résultat moyen est 6 sur 20
Statistiques - réponses
Réplique(s) Film % Correct
- Si je dois te faire confiance, il faut que je connaisse ton nom. - Crochet, mon nom est James Crochet. Peter Pan
73%
Affronteriez-vous les eaux mystérieuses et hantées des océans du bout du monde pour ramener le présent Jack? Pirates des Caraïbes (Jusqu'au bout du monde)
70%
- Dois-je vous appeler Super ou Résistant ? - Appelez-moi Super, pas de chichi ! Papy fait de la résistance
61%
Toute une flotte à l’encrage. Comment ont-ils pu ? [Président Franklin Delano Roosevelt] Pearl harbor
55%
Un mensonge ne cesse de grandir et de grandir jusqu'à ce qu'il se voit comme le nez au milieu du visage Pinocchio (1940)
52%
- Wiggins, pourquoi crois-tu que ces païens insolents nous aient attaqué ? [Gouverneur Ratcliffe] - Parce qu’on a envahi leurs terres, coupé leurs arbres, creusé leur sous-sol [Wiggins] Pocahontas
43%
Je peux vous dire que Johnny Hallyday au Stade de France, à côté, c'est un Playmobil dans un évier. [Bernard Frédéric] Podium
41%
Le FBI va me payer pour que j'apprenne à surfer ? [Johnny Utah] Point Break, Extrême Limite
41%
C’est à une demi-heure d’ici. J’y suis dans dix minutes. [The Wolf] Pulp Fiction
23%
J'ai passé les 12 dernières années de ma vie à construire des pièces comme celle-ci spécifiquement pour empêcher les gens comme nous d'entrer. [Burnham] Panic room
18%
- Avez-vous trouvé un avocat? [Joe Miller] - Je suis avocat. [Andrew Beckett] " Philadelphia
18%
Ma mère m’avait surnommé « l’aimant à minable ». S’il y avait un minable dans un rayon de 100km, il était pour moi. [Vivian Ward] Pretty Woman
18%
T'as quelque chose à dire ? En articulant, cette fois ? [Micah au démon] Paranormal activity
16%
Personne ne verra ce film à part nous, je te le promets // Y'a un mini-mec dans le four. Projet X
11%
Quand un homme avec un 45 affronte un homme avec un fusil, tu as dit que celui qui a le pistolet est un homme mort, voyons si c'est vrai, vas-y, recharge et tire // Le cœur, Rámon, n'oublie pas le cœur. Pour une poignée de dollars
9%
- Avec tout le respect que je vous dois, je vous signale que paranormal ne m'inspire aucune confiance. [Kathrine Cowles] - aucun problème, je pense la même chose sur les psy. [John Clancy] Prémonitions
7%
Admettons que j'ai tort et qu'on découvre ces entités sur place, vous n'allez ni les contacter, ni les approcher. Vous ferez une seule chose : vous me soumettrez votre rapport. [Meredith Vickers] Prometheus
5%
Y m’ont pris mon pénis… Y m’ont pris mon pénis… Y m’ont bouffé ma biite… Piranha 3D
2%
Certains prient pour obtenir de l'aide. Beaucoup ont souhaité la mort... mais dans une ville perdue à jamais, le plus grand secret attend toujours. [Lucrèce] Pompei
2%
- Il a y rien de plus rapide que l'avion? - La fusée du con. [Catherine] " Promotion canapé
0%
Aucun quiz correspondant
Distribution des résultats
% des personnes avec chaque résultat
Percentile par nombre de réponses
Votre historique - résultats
Vous n’avez pas pris ce quiz